000 02091cam a2200505 4500500
005 20251228051331.0
041 _afre
042 _adc
100 1 0 _aCatherinot, Paul
_eauthor
700 1 0 _aMrdjenovic, Pierre
_eauthor
700 1 0 _aGoudot, Marie
_eauthor
700 1 0 _aCorman, Antoine
_eauthor
700 1 0 _aRey, Jean-Michel
_eauthor
700 1 0 _aJenni, Alexis
_eauthor
700 1 0 _aAdani, Franck
_eauthor
700 1 0 _aMartignon, Maxime
_eauthor
700 1 0 _aPierron, Jean-Philippe
_eauthor
700 1 0 _aGarnier, Gautier
_eauthor
700 1 0 _ade Bujadoux, Jean-Félix
_eauthor
700 1 0 _aGoldman, Oury
_eauthor
700 1 0 _aBresch, Clément
_eauthor
700 1 0 _aRivet de Sabatier, Philippe
_eauthor
700 1 0 _aLabey, Gildas
_eauthor
700 1 0 _aPinel, Élodie
_eauthor
700 1 0 _aPorée, Jérôme
_eauthor
700 1 0 _aLoizillon, Victor
_eauthor
700 1 0 _aGaulme, François
_eauthor
700 1 0 _aEuvé, François
_eauthor
700 1 0 _aChoquet, Pierre-Louis
_eauthor
700 1 0 _aKoller, Sylvie
_eauthor
700 1 0 _aCournarie, Paul
_eauthor
700 1 0 _aBaujard, Monique
_eauthor
700 1 0 _aLederlin, Fanny
_eauthor
700 1 0 _aCasadebaig, Daniel
_eauthor
700 1 0 _aDolbeau, Samuel
_eauthor
700 1 0 _aGautier, Benoît
_eauthor
700 1 0 _aPerrot, Étienne
_eauthor
700 1 0 _aConnen, François-Xavier
_eauthor
245 0 0 _aPages de début
260 _c2024.
500 _a94
520 _aLa ville de Chartres et le Centre des monuments nationaux célèbrent à partir de cet automne, pour une année, le millénaire de la cathédrale de Chartres, première cathédrale de France inscrite au patrimoine mondial de l’Unesco, dont le trésor vient d’être superbement restauré. À l’occasion de cet anniversaire, le musée des Beaux-Arts de la ville présente une série d’expositions exhumant sculptures et manuscrits enluminés.
786 0 _nÉtudes | Javier | 1 | 2024-12-12 | p. 1-1 | 0014-1941
856 4 1 _uhttps://shs.cairn.info/revue-etudes-2025-1-page-1?lang=fr&redirect-ssocas=7080
999 _c1581705
_d1581705